[Event "Let's Play Chess!"]
[Site "http://www.queenalice.com/game.php?id=8429"]
[Date "2005.4.1"]
[Round "-"]
[White "Karrppov"]
[Black "chackalrodrigo"]
[Result "1-0"]
[WhiteElo "1190"]
[BlackElo "1065"]

1. d4 Nf6 2. Nc3 Nc6 3. e4 d6 4. f4 Bg4 5. Be2 Be6 6. d5 Bd7 7. dxc6 Bxc6 8. Bf3
Qd7 9. e5 Ng8 10. Nh3 O-O-O 11. O-O e6 12. Be3 Ne7 13. exd6 cxd6 14. Bxa7 b6 15.
Bxb6 Re8 16. a4 Qb7 17. a5 h6 18. Nb5 Qa6 19. Nxd6+ Kd7 20. Nxe8+ Kxe8 21. Qd8#
1-0

[Event "Let's Play Chess!"]
[Site "http://www.queenalice.com/game.php?id=8430"]
[Date "2005.4.1"]
[Round "-"]
[White "chackalrodrigo"]
[Black "Karrppov"]
[Result "0-1"]
[WhiteElo "1058"]
[BlackElo "1100"]

1. Nc3 Nf6 2. Nf3 d5 3. e3 g6 4. Bb5+ c6 5. Ba4 Bg7 6. d4 O-O 7. Bb3 Nbd7 8. Bd2
Re8 9. Qe2 e5 10. O-O-O exd4 11. Nb1 Qb6 12. Ba5 Qxa5 13. Rhe1 dxe3 14. fxe3 Bh6
15. h4 Rxe3 16. Qf2 Rxf3+ 17. Nd2 Rxf2 18. g3 Bxd2+ 0-1

[Event "only click if you want to play"]
[Site "http://www.queenalice.com/game.php?id=8485"]
[Date "2005.4.1"]
[Round "-"]
[White "supergenius"]
[Black "chackalrodrigo"]
[Result "0-1"]
[WhiteElo "1314"]
[BlackElo "1052"]

1. d4 Nf6 2. e3 Nc6 3. Nf3 e6 4. Bd3 Bd6 5. O-O Qe7 6. Nc3 h6 7. e4 e5 8. Re1 g5
9. d5 Nb4 10. a3 Rh7 11. axb4 a6 0-1

[Event "Let's Play Chess!"]
[Site "http://www.queenalice.com/game.php?id=11952"]
[Date "2005.5.3"]
[Round "-"]
[White "kalkam_troso"]
[Black "chackalrodrigo"]
[Result "0-1"]
[WhiteElo "1043"]
[BlackElo "1187"]

1. f3 d5 2. Nc3 e6 3. b4 Be7 4. b5 Bd7 5. Na4 Bxb5 6. Nc3 Bd7 7. Rb1 Bc6 8. d4
Qd6 9. e3 Nd7 10. e4 O-O-O 11. exd5 exd5 12. Bb5 Bxb5 0-1

[Event "Let's Play Chess!"]
[Site "http://www.queenalice.com/game.php?id=12060"]
[Date "2005.5.4"]
[Round "-"]
[White "domingos"]
[Black "chackalrodrigo"]
[Result "0-1"]
[WhiteElo "1266"]
[BlackElo "1167"]

1. e4 Nc6 2. Nf3 Nf6 3. d3 d6 4. c4 Be6 5. Be3 Qd7 6. Nc3 O-O-O 7. d4 Bg4 8. Bd3
e6 9. O-O g6 10. h3 Bxf3 11. Qxf3 Bg7 12. Rad1 Rhe8 0-1

[Event "Let's Play Chess!"]
[Site "http://www.queenalice.com/game.php?id=12107"]
[Date "2005.5.4"]
[Round "-"]
[White "kalkam_troso"]
[Black "chackalrodrigo"]
[Result "0-1"]
[WhiteElo "1079"]
[BlackElo "1154"]

1. c4 c5 2. b3 b6 3. Nf3 Bb7 4. e3 Nc6 5. d4 d6 6. d5 Na5 7. e4 Rc8 8. g3 Qd7 9.
h3 Nf6 10. h4 h5 11. e5 dxe5 12. Nxe5 Qd6 0-1

[Event "Let's Play Chess!"]
[Site "http://www.queenalice.com/game.php?id=12465"]
[Date "2005.5.9"]
[Round "-"]
[White "chackalrodrigo"]
[Black "NextFuture"]
[Result "0-1"]
[WhiteElo "1126"]
[BlackElo "2051"]

1. e4 d5 2. f3 e5 3. Be2 Bc5 4. Bb5+ c6 5. d3 cxb5 6. Nh3 Bxh3 7. gxh3 Qh4+ 8.
Kd2 dxe4 9. fxe4 Nc6 10. Kc3 a5 11. Bd2 Bb4+ 12. Kb3 a4# 0-1

[Event "AUTO-INT-15"]
[Site "http://www.queenalice.com/game.php?id=14839"]
[Date "2005.5.31"]
[Round "1"]
[White "chackalrodrigo"]
[Black "millie"]
[Result "0-1"]
[WhiteElo "1198"]
[BlackElo "1237"]

1. e4 e6 2. f3 a5 3. Bb5 c6 4. Bc4 b5 5. Be2 e5 6. Nc3 b4 7. Na4 Nf6 8. d3 Ba6
9. Be3 c5 10. Qd2 Nh5 11. O-O-O Bb5 12. Nh3 Bxa4 13. b3 Bb5 14. a4 Bc6 15. Bg5
f6 16. Be3 d6 17. Rhg1 g5 18. g4 Ng7 19. Rge1 Ne6 20. Nf2 h6 0-1

[Event "AUTO-INT-15"]
[Site "http://www.queenalice.com/game.php?id=14840"]
[Date "2005.5.31"]
[Round "1"]
[White "millie"]
[Black "chackalrodrigo"]
[Result "1-0"]
[WhiteElo "1289"]
[BlackElo "1175"]

1. d4 d6 2. c3 e6 3. h4 Bd7 4. a4 Be7 5. Bf4 Bxh4 6. g3 Be7 7. b3 d5 8. Bh3 Nf6
9. g4 h6 10. Qd3 Bc6 11. Nd2 Qd7 12. b4 Qd6 13. Bxd6 cxd6 14. b5 Bd7 15. Ngf3
O-O 16. g5 Nh7 17. gxh6 Re8 18. Nb3 gxh6 19. Rg1+ Ng5 20. Bg2 Bf6 21. Nh4 1-0

[Event "AUTO-INT-15"]
[Site "http://www.queenalice.com/game.php?id=14842"]
[Date "2005.5.31"]
[Round "1"]
[White "SilvanoMeurer"]
[Black "chackalrodrigo"]
[Result "1-0"]
[WhiteElo "1540"]
[BlackElo "1199"]

1. e4 Nc6 2. Nf3 e6 3. d4 Bb4+ 4. c3 Bd6 5. Ng5 f5 6. Qh5+ g6 7. Qh4 Be7 8. exf5
Bxg5 9. Bxg5 Nge7 10. Bf6 Rf8 11. fxg6 hxg6 12. Bd3 g5 13. Qh5+ 1-0

[Event "AUTO-INT-15"]
[Site "http://www.queenalice.com/game.php?id=14843"]
[Date "2005.5.31"]
[Round "1"]
[White "chackalrodrigo"]
[Black "Pestilence"]
[Result "0-1"]
[WhiteElo "1145"]
[BlackElo "1538"]

1. Nf3 d5 2. d3 Nf6 3. e4 dxe4 4. Ne5 Qd5 5. Nc4 exd3 6. cxd3 Nc6 7. Be2 Qxg2 8.
Rf1 e5 9. Bf3 Qxh2 10. Be3 Bh3 11. Rh1 Qxh1+ 12. Bxh1 Bb4+ 13. Bd2 Bc5 14. Bc3
Bd4 15. Qe2 h6 0-1

[Event "AUTO-INT-15"]
[Site "http://www.queenalice.com/game.php?id=14844"]
[Date "2005.5.31"]
[Round "1"]
[White "Pestilence"]
[Black "chackalrodrigo"]
[Result "1-0"]
[WhiteElo "1540"]
[BlackElo "1143"]

1. e4 e6 2. d4 Qe7 3. Nf3 Qb4+ 4. c3 Qb6 5. Be3 f5 6. e5 Ne7 7. d5 exd5 8. Bxb6
cxb6 9. Bd3 g6 10. O-O Bh6 11. Bb5 Bf4 12. g3 Bh6 13. e6 a6 14. Qa4 1-0

[Event "Let's Play Chess!"]
[Site "http://www.queenalice.com/game.php?id=17619"]
[Date "2005.6.28"]
[Round "-"]
[White "chackalrodrigo"]
[Black "refutor"]
[Result "0-1"]
[WhiteElo "1199"]
[BlackElo "1503"]

1. e4 c5 2. f3 Nc6 3. Qe2 g6 4. Qe3 d6 5. Bd3 Bg7 6. Qe2 Nf6 7. Bb5 Bd7 8. Ba4
Nd4 9. Qc4 b5 10. Bxb5 Bxb5 11. Qb4 cxb4 12. Ne2 Nxc2+ 0-1

[Event "Let's Play Chess!"]
[Site "http://www.queenalice.com/game.php?id=17903"]
[Date "2005.6.30"]
[Round "-"]
[White "larryb"]
[Black "chackalrodrigo"]
[Result "1-0"]
[WhiteElo "1345"]
[BlackElo "1209"]

1. d4 e6 2. e4 f5 3. Nc3 Nc6 4. Be3 Be7 5. g3 g6 6. d5 Ne5 7. Bd4 Bf6 8. f4 Nf7
9. e5 Be7 10. d6 cxd6 11. exd6 e5 12. fxe5 Ng5 13. Nf3 h6 14. dxe7 Nxe7 15. e6
Rf8 16. Bg7 Rg8 17. Bxh6 1-0

[Event "Let's Play Chess!"]
[Site "http://www.queenalice.com/game.php?id=18755"]
[Date "2005.7.8"]
[Round "-"]
[White "chackalrodrigo"]
[Black "serginh0w"]
[Result "0-1"]
[WhiteElo "1157"]
[BlackElo "1245"]

1. e4 Nc6 2. Bd3 Nf6 3. Qe2 d5 4. f3 e5 5. Bb5 g6 6. Na3 Bg7 7. g3 Bd7 8. h3 Nd4
9. Qf2 Bxb5 10. Nxb5 Nxc2+ 11. Kd1 Nxa1 12. Qc5 Kd7 0-1